<?xml version="1.0" encoding="UTF-8"?>
<record
    xmlns:xsi="http://www.w3.org/2001/XMLSchema-instance"
    xsi:schemaLocation="http://www.loc.gov/MARC21/slim http://www.loc.gov/standards/marcxml/schema/MARC21slim.xsd"
    xmlns="http://www.loc.gov/MARC21/slim">

  <leader>03336nam a22002537a 4500</leader>
  <controlfield tag="005">20240710152225.0</controlfield>
  <controlfield tag="008">211004b           ||||| |||| 00| 0 eng d</controlfield>
  <datafield tag="040" ind1=" " ind2=" ">
    <subfield code="c">AL</subfield>
  </datafield>
  <datafield tag="041" ind1=" " ind2=" ">
    <subfield code="a">kan</subfield>
  </datafield>
  <datafield tag="082" ind1=" " ind2=" ">
    <subfield code="2">23</subfield>
    <subfield code="a">K894.9</subfield>
    <subfield code="b">CINP</subfield>
  </datafield>
  <datafield tag="100" ind1=" " ind2=" ">
    <subfield code="a">Marcello Di Cintio</subfield>
    <subfield code="9">715</subfield>
  </datafield>
  <datafield tag="245" ind1=" " ind2=" ">
    <subfield code="a">Bariya nenapalla:Pyalestini bhavuka kathana</subfield>
    <subfield code="b">&#xCAC;&#xCB0;&#xCBF;&#xCAF; &#xCA8;&#xCC6;&#xCA8;&#xCAA;&#xCB2;&#xCCD;&#xCB2;: &#xCAA;&#xCCD;&#xCAF;&#xCBE;&#xCB2;&#xCB8;&#xCCD;&#xCA4;&#xCC0;&#xCA8;&#xCBF; &#xCAD;&#xCBE;&#xCB5;&#xCC1;&#xC95; &#xC95;&#xCA5;&#xCA8;</subfield>
  </datafield>
  <datafield tag="260" ind1=" " ind2=" ">
    <subfield code="a">Bengaluru</subfield>
    <subfield code="b">Kathana Prakashana</subfield>
    <subfield code="c">2021</subfield>
  </datafield>
  <datafield tag="300" ind1=" " ind2=" ">
    <subfield code="a">viii,206p.</subfield>
    <subfield code="b">PB</subfield>
    <subfield code="c">21x14cm.</subfield>
  </datafield>
  <datafield tag="365" ind1=" " ind2=" ">
    <subfield code="a">BLCR-000057</subfield>
    <subfield code="b">180.00</subfield>
    <subfield code="c">&#x20B9;</subfield>
    <subfield code="d">225.00</subfield>
    <subfield code="e">20</subfield>
    <subfield code="f">09/23/2021</subfield>
  </datafield>
  <datafield tag="520" ind1=" " ind2=" ">
    <subfield code="a">&#xCB2;&#xCC7;&#xC96;&#xC95; &#xC86;&#xC95;&#xCB0;&#xCCD;&#xCB7; &#xCB0;&#xCAE;&#xCC7;&#xCB6;&#xCCD; &#xC95;&#xCAE;&#xCB2; &#xC85;&#xCB5;&#xCB0; `&#xCAC;&#xCB0;&#xCBF;&#xCAF; &#xCA8;&#xCC6;&#xCA8;&#xCAA;&#xCB2;&#xCCD;&#xCB2;!&#x2019; &#xCAA;&#xCCD;&#xCAF;&#xCBE;&#xCB2;&#xCB8;&#xCCD;&#xCA4;&#xCC0;&#xCA8;&#xCBF; &#xCAD;&#xCBE;&#xCB5;&#xCC1;&#xC95; &#xC95;&#xCA5;&#xCA8;&#x2019; &#xC8E;&#xC82;&#xCAC;&#xCC1;&#xCA6;&#xCC1; &#xC85;&#xCA8;&#xCC1;&#xCB5;&#xCBE;&#xCA6;&#xCBF;&#xCA4; &#xC95;&#xCC3;&#xCA4;&#xCBF;. &#xC95;&#xCC6;&#xCA8;&#xCA1;&#xCBE;&#xCA6; &#xCAE;&#xCBE;&#xCB0;&#xCCD;&#xCB8;&#xCC6;&#xCB2;&#xCCD;&#xCB2;&#xCCA; &#xCA1;&#xCBF; &#xCB8;&#xCBF;&#xC82;&#xC9F;&#xCBF;&#xCAF;&#xCCA; &#xC8E;&#xC82;&#xCAC; &#xCAC;&#xCB0;&#xCB9;&#xC97;&#xCBE;&#xCB0;&#xCA8; &#x2018;&#xCAA;&#xCC6; &#xCA8;&#xCCB; &#xCB9;&#xCC0;&#xCA1;&#xCCD;&#xCB8;&#xCCD; &#xC9F;&#xCC1; &#xCB0;&#xCBE;&#xC95;&#xCC6;&#xC9F;&#xCCD;&#xCB8;&#xCCD;: &#xCAA;&#xCCD;&#xCAF;&#xCBE;&#xCB2;&#xCC6;&#xCB8;&#xCCD;&#xC9F;&#xCC8;&#xCA8;&#xCCD; &#xC87;&#xCA8;&#xCCD; &#xCAA;&#xCCD;&#xCB0;&#xCC6;&#xCB8;&#xCC6;&#xC82;&#xC9F;&#xCCD; &#xC9F;&#xCC6;&#xCA8;&#xCCD;&#xCB8;&#xCCD; &#xC8E;&#xC82;&#xCAC; &#xC85;&#xCA8;&#xCC1;&#xCAD;&#xCB5; &#xC95;&#xCA5;&#xCA8;&#xCA6; &#xC95;&#xCA8;&#xCCD;&#xCA8;&#xCA1; &#xC85;&#xCA8;&#xCC1;&#xCB5;&#xCBE;&#xCA6;&#xCB5;&#xCBE;&#xC97;&#xCBF;&#xCA6;&#xCC6;. &#xC88; &#xC95;&#xCC3;&#xCA4;&#xCBF; &#xCB8;&#xCAE;&#xC95;&#xCBE;&#xCB2;&#xCC0;&#xCA8; &#xCAA;&#xCCD;&#xCAF;&#xCBE;&#xCB2;&#xCC6;&#xCB8;&#xCCD;&#xCA4;&#xCC0;&#xCA8;&#xCCD; &#xCAC;&#xCA6;&#xCC1;&#xC95;&#xCA8;&#xCCD;&#xCA8;&#xCC1;, &#xC86; &#xCAA;&#xCCD;&#xCB0;&#xCA6;&#xCC7;&#xCB6;&#xCA6; &#xCB6;&#xCCD;&#xCB0;&#xCC0;&#xCAE;&#xC82;&#xCA4; &#xCB8;&#xCBE;&#xCB9;&#xCBF;&#xCA4;&#xCCD;&#xCAF;, &#xCB8;&#xC82;&#xCB8;&#xCCD;&#xC95;&#xCC3;&#xCA4;&#xCBF;&#xCAF;&#xCA8;&#xCCD;&#xCA8;&#xCC1;  &#xC85;&#xCA8;&#xCBE;&#xCB5;&#xCB0;&#xCA3;&#xC97;&#xCCA;&#xCB3;&#xCBF;&#xCB8;&#xCC1;&#xCA4;&#xCCD;&#xCA4;&#xCA6;&#xCC6;. &#xCA8;&#xCC6;&#xCB2;&#xCB5;&#xCBF;&#xCB2;&#xCCD;&#xCB2;&#xCA6;&#xCB5;&#xCB0; &#xCAC;&#xCA6;&#xCC1;&#xC95;&#xCBF;&#xCA8; &#xCAC;&#xCB5;&#xCA3;&#xCC6;&#xC97;&#xCB3;&#xCC1;, &#xCAA;&#xCCD;&#xCB0;&#xCC7;&#xCAE;-&#xC97;&#xCC6;&#xCB3;&#xCC6;&#xCA4;&#xCA8;, &#xC95;&#xCC1;&#xCA1;&#xCBF;&#xCA6;&#xCC1; &#xC96;&#xCBE;&#xCB2;&#xCBF;&#xCAF;&#xCBE;&#xCA6; &#xC9A;&#xCB9;&#xCBE;-&#xC95;&#xCBE;&#xCAB;&#xCBF;&#xC97;&#xCB3; &#xCAA;&#xCB0;&#xCBF;&#xCAE;&#xCB3;, &#xC95;&#xCCD;&#xCB0;&#xCBE;&#xC82;&#xCA4;&#xCBF;&#xCAF; &#xC95;&#xCBF;&#xC9A;&#xCCD;&#xC9A;&#xCC1;&#xC97;&#xCB3;&#xCC1; &#xC88; &#xC95;&#xCC3;&#xCA4;&#xCBF;&#xCAF;&#xCB2;&#xCCD;&#xCB2;&#xCA1;&#xC97;&#xCBF;&#xCB5;&#xCC6;. &#xCB9;&#xCBE;&#xCB0;&#xCBF;&#xCB9;&#xCCB;&#xCA6; &#xCB9;&#xCC2;&#xC97;&#xCB3; &#xCB8;&#xCC1;&#xC97;&#xC82;&#xCA7;&#xCB5;&#xCBF;&#xCA6;&#xCC6;. &#xC85;&#xC82;&#xCA4;&#xCC6;&#xCAF;&#xCC7;, &#xCAA;&#xCA5;&#xCAD;&#xCCD;&#xCB0;&#xCBE;&#xC82;&#xCA4;&#xCB0;&#xCBE;&#xC97;&#xCBF; &#xCAE;&#xCB0;&#xCC6;&#xCAF;&#xCBE;&#xCA6;, &#xCB9;&#xCC1;&#xCA4;&#xCBE;&#xCA4;&#xCCD;&#xCAE;&#xCB0;&#xCBE;&#xCA6; &#xCAA;&#xCCD;&#xCB0;&#xCC0;&#xCA4;&#xCBF;&#xCAA;&#xCBE;&#xCA4;&#xCCD;&#xCB0;&#xCB0; &#xCAE;&#xCC1;&#xC96;&#xC97;&#xCB3;&#xCBF;&#xCB5;&#xCC6;. &#xC98;&#xCB8;&#xCCD;&#xCB8;&#xCBE;&#xCA8;&#xCCD; &#xC95;&#xCA8;&#xCAB;&#xCBE;&#xCA8;&#xCBF;&#xCAF;&#xC82;&#xCA4;&#xCB9; &#xCB2;&#xCC7;&#xC96;&#xC95;&#xCB0;&#xCBF;&#xCA6;&#xCCD;&#xCA6;&#xCBE;&#xCB0;&#xCC6;. &#xCAE;&#xCB9;&#xCAE;&#xCC2;&#xCA6;&#xCCD; &#xCA6;&#xCB0;&#xCCD;&#xCB5;&#xCBF;&#xCB6;&#xCCD; &#xCB0;&#xC82;&#xCA5; &#xC95;&#xCB5;&#xCBF;&#xC97;&#xCB3;&#xCC1; &#xC95;&#xCC6;&#xCA4;&#xCCD;&#xCA4;&#xCBF;&#xCA6; &#xCB6;&#xCBE;&#xCB8;&#xCA8;&#xCA6;&#xC82;&#xCA4;&#xCB9; &#xC95;&#xCB5;&#xCBF;&#xCA4;&#xCC6;&#xC97;&#xCB3;&#xCBF;&#xCB5;&#xCC6;. &#xC88; &#xC95;&#xCB5;&#xCBF;&#xCA4;&#xCC6;&#xC97;&#xCB3;&#xCC1; &#xC95;&#xCC6;&#xC9A;&#xCCD;&#xC9A;&#xCC6;&#xCA6;&#xCC6;&#xCAF; &#xCB9;&#xCCB;&#xCB0;&#xCBE;&#xC9F;&#xC97;&#xCBE;&#xCB0;&#xCB0;&#xCBF;&#xC97;&#xCC6; &#xCAC;&#xCC6;&#xCB3;&#xC95;&#xCC1;-&#xCAD;&#xCB0;&#xCB5;&#xCB8;&#xCC6;&#xCAF;&#xCA8;&#xCCD;&#xCA8;&#xCC1;, &#xCAE;&#xCC1;&#xC82;&#xCA6;&#xCA3; &#xC95;&#xCB5;&#xCBF;&#xC97;&#xCB3;&#xCBF;&#xC97;&#xCC6; &#xC95;&#xCBE;&#xCB5;&#xCCD;&#xCAF;&#xCA6;&#xCC1;&#xCB8;&#xCBF;&#xCB0;&#xCA8;&#xCCD;&#xCA8;&#xCC1; &#xCA4;&#xCC1;&#xC82;&#xCAC;&#xCC1;&#xCA4;&#xCCD;&#xCA4;&#xCB5;&#xCC6;. &#xC88; &#xCAA;&#xCC1;&#xCB8;&#xCCD;&#xCA4;&#xC95;&#xCB5;&#xCC1; &#xC97;&#xCA4; - &#xCB5;&#xCB0;&#xCCD;&#xCA4;&#xCAE;&#xCBE;&#xCA8;&#xC97;&#xCB3;&#xCA8;&#xCCD;&#xCA8;&#xCC1; &#xCAE;&#xCC1;&#xC96;&#xCBE;&#xCAE;&#xCC1;&#xC96;&#xCBF;&#xCAF;&#xCBE;&#xC97;&#xCBF;&#xCB8;&#xCC1;&#xCA4;&#xCCD;&#xCA4; &#xCAD;&#xCB5;&#xCBF;&#xCB7;&#xCCD;&#xCAF;&#xCB5;&#xCA8;&#xCCD;&#xCA8;&#xCC1; &#xC95;&#xCA8;&#xCB8;&#xCC1;&#xCA4;&#xCCD;&#xCA4;&#xCA6;&#xCC6;. &#xC95;&#xCA8;&#xCCD;&#xCA8;&#xCA1;&#xCA6; &#xC93;&#xCA6;&#xCC1;&#xC97;&#xCB0;&#xCBF;&#xC97;&#xCC6; &#xCAA;&#xCCD;&#xCAF;&#xCBE;&#xCB2;&#xCC6;&#xCB8;&#xCCD;&#xCA4;&#xCC0;&#xCA8;&#xCBF;&#xCA8; &#xC95;&#xCBE;&#xCB5;&#xCCD;&#xCAF;, &#xC95;&#xCBE;&#xCB5;&#xCC1;, &#xC95;&#xCA8;&#xCB8;&#xCC1;&#xC97;&#xCB3;&#xCA8;&#xCCD;&#xCA8;&#xCC1; &#xCAA;&#xCB0;&#xCBF;&#xC9A;&#xCAF;&#xCBF;&#xCB8;&#xCC1;&#xCA4;&#xCCD;&#xCA4;&#xCA6;&#xCC6; &#xC8E;&#xC82;&#xCAC;&#xCC1;&#xCA6;&#xCBE;&#xC97;&#xCBF; &#xCB2;&#xCC7;&#xC96;&#xC95;&#xCB0;&#xCC1; &#xC85;&#xCAD;&#xCBF;&#xCAA;&#xCCD;&#xCB0;&#xCBE;&#xCAF;&#xCAA;&#xC9F;&#xCCD;&#xC9F;&#xCBF;&#xCA6;&#xCCD;&#xCA6;&#xCBE;&#xCB0;&#xCC6;. </subfield>
  </datafield>
  <datafield tag="650" ind1=" " ind2=" ">
    <subfield code="a">Pay No Heed to the Rockets: Palestine in the Present Tense</subfield>
    <subfield code="9">728</subfield>
  </datafield>
  <datafield tag="650" ind1=" " ind2=" ">
    <subfield code="a">War</subfield>
    <subfield code="9">173048</subfield>
  </datafield>
  <datafield tag="650" ind1=" " ind2=" ">
    <subfield code="a">Memoir</subfield>
    <subfield code="9">173049</subfield>
  </datafield>
  <datafield tag="700" ind1=" " ind2=" ">
    <subfield code="a">CINTIO (Marcello Di)</subfield>
    <subfield code="9">717</subfield>
    <subfield code="d"> &#xCAE;&#xCBE;&#xCB0;&#xCCD;&#xCB8;&#xCC6;&#xCB2;&#xCCD;&#xCB2;&#xCCA; &#xCA1;&#xCBF; &#xCB8;&#xCBF;&#xC82;&#xC9F;&#xCBF;&#xCAF;&#xCCA;</subfield>
  </datafield>
  <datafield tag="700" ind1=" " ind2=" ">
    <subfield code="a">KAMALA  (Akarsha Ramesh)</subfield>
    <subfield code="9">718</subfield>
  </datafield>
  <datafield tag="700" ind1=" " ind2=" ">
    <subfield code="a"> &#xC95;&#xCAE;&#xCB2;, &#xC86;&#xC95;&#xCB0;&#xCCD;&#xCB7; &#xCB0;&#xCAE;&#xCC7;&#xCB6;&#xCCD; Tr</subfield>
    <subfield code="9">812</subfield>
  </datafield>
  <datafield tag="942" ind1=" " ind2=" ">
    <subfield code="2">ddc</subfield>
    <subfield code="c">BK</subfield>
  </datafield>
  <datafield tag="999" ind1=" " ind2=" ">
    <subfield code="c">216479</subfield>
    <subfield code="d">216479</subfield>
  </datafield>
  <datafield tag="952" ind1=" " ind2=" ">
    <subfield code="0">0</subfield>
    <subfield code="1">0</subfield>
    <subfield code="2">ddc</subfield>
    <subfield code="4">0</subfield>
    <subfield code="7">0</subfield>
    <subfield code="8">KAN</subfield>
    <subfield code="a">AL</subfield>
    <subfield code="b">AL</subfield>
    <subfield code="d">2021-09-29</subfield>
    <subfield code="e">Navakarnataka Publications Pvt. Ltd, Balmatta, Mangaluru-575001</subfield>
    <subfield code="g">180.00</subfield>
    <subfield code="l">1</subfield>
    <subfield code="o">K894.9 CINP</subfield>
    <subfield code="p">074968</subfield>
    <subfield code="q">2025-10-31</subfield>
    <subfield code="r">2025-07-03 10:29:57</subfield>
    <subfield code="s">2025-07-03</subfield>
    <subfield code="v">225.00</subfield>
    <subfield code="w">2021-09-23</subfield>
    <subfield code="y">BK</subfield>
  </datafield>
</record>
